000
00248nam a2200097Ia 4500
001
683094
005
20250826161431.0
008
250824s9999 xx 000 0 und d
245
0
_a
57. ALAY FİLİSTİN
_c
İSMAİL BİLGİN
260
_b
TİMAŞ YAYINLARI
999
_c
683094
_d
683094